000 00693nas a2200229 4500
001 BR7705551
003 BR-BrBNA
005 20231205083251.0
007 ta
008 230509b bl.|||p| |||| 00| 00por d
040 _aBR-BrBNA
_bpor
_cBiblioteca Nacional de Agricultura
041 _a(Pt)
072 _aN10
100 1 _aCarvalho, A.F. de
245 1 _aA energia eletrica e o desenvolvimento rural [Brasil]
650 _aENERGIA ELETRICA
650 _aELETRIFICACAO RURAL
650 _aDESENVOLVIMENTO RURAL
773 0 _tAgricultura. A Forca Verde (Brazil)
_xISSN 0100-5650
_g(Aug 1977), v. 1(2) p. 6-9
_wBR7705551
909 _a202311
_bLúcia
_c55
_dLúcia Elande
942 _2AGRIS
_n0
_cANA
999 _c97603
_d97603